Loading...
| History - American | 0 | 6 | 0 | 0 | 60 | 21 | 44.17 | 1 | 4 | 32.34 | 39.10 |
| Science - Chemistry | 0 | 5 | 1 | 1 | 45 | 78 | 91.00 | 0 | 1 | 5.79 | 18.18 |
| History - World | 0 | 4 | 0 | 0 | 40 | 37 | 58.00 | 0 | 0 | 16.39 | 20.50 |
| Mythology | 0 | 4 | 0 | 1 | 40 | 38 | 73.00 | 0 | 1 | 12.52 | 14.75 |
| Religion | 0 | 4 | 1 | 0 | 35 | 13 | 49.50 | 1 | 3 | 19.76 | 27.02 |
| Science - Physics | 0 | 4 | 1 | 2 | 35 | 31 | 83.00 | 0 | 0 | 8.91 | 11.27 |
| Science - Biology | 0 | 3 | 1 | 1 | 25 | 76 | 97.00 | 0 | 0 | 3.04 | 6.97 |
| History - Other | 0 | 3 | 1 | 1 | 25 | 68 | 92.00 | 0 | 0 | 4.81 | 10.95 |
| Philosophy | 0 | 2 | 0 | 0 | 20 | 26 | 47.00 | 0 | 1 | 12.09 | 16.67 |
| Science - Other | 0 | 2 | 0 | 0 | 20 | 61 | 76.50 | 0 | 0 | 5.58 | 9.59 |
| Fine Arts - Other | 0 | 2 | 0 | 0 | 20 | 73 | 86.50 | 0 | 1 | 4.39 | 6.20 |
| Literature - World | 0 | 2 | 0 | 1 | 20 | 79 | 94.00 | 0 | 1 | 2.85 | 8.33 |
| Fine Arts - Painting and Sculpture | 0 | 2 | 1 | 1 | 15 | 13 | 62.50 | 1 | 1 | 8.16 | 10.74 |
| History - European | 0 | 2 | 1 | 0 | 15 | 37 | 42.50 | 0 | 1 | 10.63 | 13.94 |
| Fine Arts - Classical Music | 0 | 1 | 0 | 0 | 10 | 129 | 129.00 | 0 | 0 | 0.07 | 3.64 |
| Literature - American | 0 | 1 | 0 | 0 | 10 | 114 | 114.00 | 0 | 0 | 0.08 | 1.65 |
| Current Events | 0 | 1 | 1 | 0 | 5 | 48 | 48.00 | 1 | 1 | 13.99 | 25.00 |
| Social Science | 0 | 1 | 2 | 0 | 0 | 79 | 79.00 | 0 | 0 | 3.44 | 2.08 |
| Literature - British | 0 | 0 | 0 | 0 | 0 | 0.00 | 0 | 0 | 0.00 | 0.00 | |
| Geography | 0 | 0 | 1 | 0 | -5 | 0.00 | 0 | 0 | 0.00 | 0.00 |